| 000 | 00594nam a2200205Ia 4500 | ||
|---|---|---|---|
| 003 | LK-CoDNM | ||
| 005 | 20241209144808.0 | ||
| 008 | 010623t1995 xxu||||| |||| 00| 1 sin d | ||
| 040 |
_aLK-CoDNM _dLK-CoDNM _eLK-CoDNM |
||
| 041 | _asin | ||
| 080 |
_a8 C-3 _b DIS |
||
| 100 | _aDisanayaka, Kamal | ||
| 245 | _a1995 සිට උසස් පෙළ සද්ධර්මරත්නාවලිය විචාරය | ||
| 246 | _a1995 sita A/L Saddarmarathnavaliya vicharaya | ||
| 260 |
_bAuthor _c1995 |
||
| 300 | _b67. ; 19 cm | ||
| 650 | _aLiterature | ||
| 650 | _a1955 | ||
| 942 | _cBK | ||
| 999 |
_c116844 _d116844 |
||